Prix du meilleur jeune économiste de France - Statistiques

Statistiques générales
  • Ce quiz a été pris 3 fois
  • Le résultat moyen est 13 sur 31
Statistiques - réponses
HINT ANSWER % Correct
2005 Esther Duflo
100%
2018 Gabriel Zucman
100%
2000 Agnès Bénassy-Quéré
67%
2023 Julia Cagé|Vincent Pons
67%
2002 Thomas Piketty
67%
2024 Alexandra Roulet
33%
2017 Antoine Bozio
33%
2025 Antonin Bergeaud
33%
2014 Augustin Landier
33%
2000 Bruno Amable
33%
2016 Camille Landais
33%
2004 David Martimort
33%
2007 David Thesmar
33%
2005 Elyès Jouini
33%
2013 Emmanuel Farhi
33%
2010 Emmanuel Saez
33%
2022 Eric Monnet
33%
2006 Étienne Wasmer
33%
2012 Hippolyte d'Albis
33%
2020 Isabelle Méjean
33%
2015 Pascaline Dupas
33%
2002 Philippe Martin
33%
2001 Pierre Cahuc
33%
2003 Pierre-Cyrille Hautcœur
33%
2008 Pierre-Olivier Gourinchas
33%
2019 Stefanie Stantcheva
33%
2006 Thierry Mayer
33%
2009 Thomas Philippon
33%
2011 Xavier Gabaix
33%
2021 Xavier Jaravel
33%
2009 Yann Algan
33%
Aucun quiz correspondant
Distribution des résultats
% des personnes avec chaque résultat
Percentile par nombre de réponses
Votre historique - résultats
Vous n’avez pas pris ce quiz